Sort the Pennsylvania Teams Quiz Stats

 Plays Quiz Updated Dec 14, 2018

     
Support Sporcle.
Go Orange.
Score 0/7 Timer 00:30
0 Plays Today
Question Answer Wrong Answers
Pittsburgh Penguins NHL
96.3%
MLB
1%
NBA
0.7%
NFL
0.8%
Pittsburgh Steelers NFL
96.3%
MLB
1%
NBA
0.7%
NHL
0.7%
Philadelphia Eagles NFL
96.1%
MLB
1.2%
NBA
0.9%
NHL
0.5%
Philadelphia 76ers NBA
95.3%
MLB
1.5%
NFL
1.3%
NHL
0.6%
Philadelphia Phillies MLB
94.6%
NBA
1.9%
NFL
0.9%
NHL
1.2%
Philadelphia Flyers NHL
93.7%
MLB
1.9%
NBA
2.1%
NFL
0.9%
Pittsburgh Pirates MLB
93.6%
NBA
1.2%
NFL
1.8%
NHL
2.2%

From the Vault

ABC Shows A-Z

by qlh27

X marks the missing letter.
Remove Ads.
Support Sporcle.
Get the best of Sporcle when you Go Orange. This ad-free experience offers more features, more stats, and more fun while also helping to support Sporcle. Thank you for becoming a member.

Show Comments

Extras

Top Quizzes Today


Score Distribution

Your Account Isn't Verified!

In order to create a playlist on Sporcle, you need to verify the email address you used during registration. Go to your Sporcle Settings to finish the process.

Report this User

Report this user for behavior that violates our Community Guidelines.

Details: